[Event "FRA-chT"]
[Site "FRA"]
[Date "1998.02.07"]
[Round "2"]
[White "Komarov, Dimitri"]
[Black "Sokolov, Andrei"]
[Result "1/2-1/2"]
[WhiteElo "2580"]
[BlackElo "2580"]
[PlyCount "83"]
[EventDate "1998.02.06"]
[Source "ChesBase"]
[SourceDate "1998.07.07"]

1. Nf3 Nf6 2. c4 e6 3. Nc3 Bb4 4. Qc2 c5 5. a3 Ba5 6. g3 O-O 7. Bg2 Nc6 8. O-O
d6 9. d3 h6 10. Rb1 Qe7 11. b3 Bd7 12. Bb2 a6 13. e3 Bb6 14. Ba1 a5 15. Nd2
Rad8 16. Nde4 Nxe4 17. dxe4 Ne5 18. Rfd1 Bc6 19. a4 Ng4 20. Rd2 Bc7 21. Rbd1
Nf6 22. Bb2 Nh7 23. Ne2 e5 24. Nc3 h5 25. Nd5 Bxd5 26. exd5 f5 27. f4 e4 28.
Bf1 Kf7 29. Rg2 Nf6 30. Be2 Rh8 31. h3 Qd7 32. Kf2 Rdg8 33. Rdg1 Bd8 34. Ke1 g5
35. Kd1 g4 36. Rh2 Be7 37. Kc1 Ke8 38. hxg4 hxg4 39. Rgh1 Rxh2 40. Rxh2 Kf7 41.
Qd1 Bf8 42. Qh1 1/2-1/2

[Event "FRA-chT"]
[Site "FRA"]
[Date "1998.02.07"]
[Round "2"]
[White "Kosten, Anthony C"]
[Black "Fressinet, Laurent"]
[Result "1/2-1/2"]
[WhiteElo "2535"]
[BlackElo "2450"]
[PlyCount "114"]
[EventDate "1998.02.06"]
[Source "ChesBase"]
[SourceDate "1998.07.07"]

1. e4 d5 2. exd5 Nf6 3. c4 c6 4. d4 cxd5 5. Nc3 Nc6 6. Bg5 e6 7. Nf3 Be7 8. Bd3
O-O 9. a3 dxc4 10. Bxc4 Nd5 11. Be3 Nxc3 12. bxc3 b6 13. Bd3 Bb7 14. h4 h6 15.
Rh3 f5 16. Qd2 Bd6 17. Bf4 Qc7 18. Bxd6 Qxd6 19. Kf1 e5 20. dxe5 Nxe5 21. Nxe5
Qxe5 22. Bc4+ Kh8 23. Re1 Qc5 24. Qd4 Rac8 25. Be6 Rc7 26. Rg3 f4 27. Rg6 Qxd4
28. cxd4 f3 29. g4 Ba6+ 30. Kg1 Bd3 31. h5 Kh7 32. Bf5 Bxf5 33. gxf5 Rxf5 34.
Rg3 Rcf7 35. Rh3 Rf4 36. Rd1 Rd7 37. d5 Rd6 38. Rd3 Rf5 39. Rdxf3 Rxf3 40. Rxf3
Rxd5 41. Rh3 Kg8 42. Kf1 Re5 43. Rh4 Kf7 44. a4 Kf6 45. f3 Ke6 46. Kf2 Kd6 47.
Kg3 a5 48. f4 Re7 49. Kg4 b5 50. axb5 Kc5 51. Kf5 a4 52. Kg6 Kxb5 53. f5 a3 54.
Rh1 Kc4 55. Rh4+ Kb3 56. Rh3+ Kb2 57. Rh2+ Kb3 1/2-1/2

[Event "FRA-chT"]
[Site "FRA"]
[Date "1998.02.07"]
[Round "2"]
[White "Lazarev, Vladimir"]
[Black "Verdier, Patrice"]
[Result "1-0"]
[WhiteElo "2490"]
[BlackElo "2315"]
[PlyCount "75"]
[EventDate "1998.02.06"]
[Source "ChesBase"]
[SourceDate "1998.07.07"]

1. d4 Nf6 2. c4 c5 3. d5 b5 4. cxb5 a6 5. bxa6 g6 6. Nc3 Bxa6 7. g3 d6 8. Bg2
Bg7 9. Nf3 O-O 10. O-O Nbd7 11. Rb1 Nb6 12. a3 Nfd7 13. Nd2 Ra7 14. Qc2 e6 15.
dxe6 fxe6 16. Nf3 d5 17. h4 Ne5 18. Nxe5 Bxe5 19. Bh6 Re8 20. Rfd1 Rf7 21. Ne4
Bd4 22. e3 dxe4 23. Bxe4 Qf6 24. exd4 cxd4 25. Bg5 Qe5 26. Re1 Qd6 27. Rbd1 e5
28. Qc6 Qxc6 29. Bxc6 Rc8 30. Be4 Kg7 31. Bc1 Bc4 32. Bd2 Bb3 33. Rc1 Rfc7 34.
Rxc7+ Rxc7 35. Ba5 d3 36. Bxd3 Rc6 37. Bxb6 Rxb6 38. Rxe5 1-0

[Event "FRA-chT"]
[Site "FRA"]
[Date "1998.02.07"]
[Round "2"]
[White "Magem Badals, Jorge"]
[Black "Summerscale, Aaron"]
[Result "1/2-1/2"]
[WhiteElo "2535"]
[BlackElo "2440"]
[PlyCount "70"]
[EventDate "1998.02.06"]
[Source "ChesBase"]
[SourceDate "1998.07.07"]

1. e4 c5 2. Nf3 d6 3. d4 cxd4 4. Nxd4 Nf6 5. f3 e5 6. Nb3 d5 7. Bg5 Be6 8. Bxf6
gxf6 9. exd5 Qxd5 10. Qxd5 Bxd5 11. Nc3 Be6 12. O-O-O Nd7 13. Nb5 Ke7 14. Nc7
Bh6+ 15. Kb1 Rad8 16. Nd5+ Bxd5 17. Rxd5 Nc5 18. Bc4 Rxd5 19. Bxd5 Rd8 20. c4
Nxb3 21. axb3 Be3 22. Kc2 b5 23. Ra1 Rb8 24. Bc6 Rd8 25. Bxb5 Rd2+ 26. Kc3 Rxg2
27. Kb4 Rxh2 28. c5 a5+ 29. Kc4 Rc2+ 30. Kd3 Rxc5 31. Rxa5 Bd4 32. Ra7+ Kd6 33.
Ra6+ Ke7 34. Ra7+ Kd6 35. Ra6+ Ke7 1/2-1/2

[Event "FRA-chT"]
[Site "FRA"]
[Date "1998.02.07"]
[Round "2"]
[White "Marciano, David"]
[Black "Berend, Fred"]
[Result "1-0"]
[WhiteElo "2485"]
[BlackElo "2350"]
[PlyCount "119"]
[EventDate "1998.02.06"]
[Source "ChesBase"]
[SourceDate "1998.07.07"]

1. e4 e5 2. Nf3 d6 3. d4 Nf6 4. dxe5 Nxe4 5. Qd5 Nc5 6. Bg5 Be7 7. exd6 Qxd6 8.
Nc3 Qxd5 9. Nxd5 Bd6 10. O-O-O Be6 11. Be3 Nbd7 12. Nc3 Nf6 13. Nb5 Ke7 14.
Nxc7 Rac8 15. Nxe6 fxe6 16. Bc4 Nce4 17. Bd3 Bc5 18. Bxc5+ Rxc5 19. Rhf1 Rd8
20. c3 g5 21. h3 h5 22. Kc2 Rf5 23. Rde1 Rf4 24. Re2 g4 25. hxg4 hxg4 26. Ne5
Rg8 27. Bxe4 Rxe4 28. Rxe4 Nxe4 29. Kd3 Nc5+ 30. Ke3 Rg5 31. Nd3 Nxd3 32. Kxd3
Kf6 33. c4 Kf5 34. Ke3 Rg7 35. Rd1 Rc7 36. b3 a6 37. Rd8 b5 38. Kd4 Kf6 39. c5
a5 40. a3 Ke7 41. Rd6 Rc8 42. Rb6 e5+ 43. Kd5 Rd8+ 44. Kxe5 Rd2 45. Rxb5 Rxf2
46. Rxa5 Rxg2 47. Ra7+ Kd8 48. Kf4 g3 49. b4 Rg1 50. Kf3 Kc8 51. c6 Kb8 52.
Rb7+ Kc8 53. b5 g2 54. a4 Ra1 55. Kxg2 Rxa4 56. Kf3 Rb4 57. Ke3 Ra4 58. Kd3 Rb4
59. Kc3 Ra4 60. Rd7 1-0

[Event "FRA-chT"]
[Site "FRA"]
[Date "1998.02.07"]
[Round "2"]
[White "Marzolo, Cyril"]
[Black "Delebarre, Xavier"]
[Result "1-0"]
[WhiteElo "2355"]
[BlackElo "2270"]
[PlyCount "109"]
[EventDate "1998.02.06"]
[Source "ChesBase"]
[SourceDate "1998.07.07"]

1. d4 c5 2. d5 d6 3. e4 g6 4. Ne2 Bg7 5. Nec3 a6 6. a4 Nf6 7. Be2 O-O 8. O-O e5
9. Na3 Ne8 10. Nc4 b6 11. f4 exf4 12. Bxf4 Bd4+ 13. Kh1 f6 14. Bg4 f5 15. exf5
Bxf5 16. Bxf5 gxf5 17. Qe1 Ra7 18. Qe6+ Kh8 19. Bh6 Re7 20. Bg5 Bf6 21. Qxf5
Ref7 22. Bxf6+ Rxf6 23. Qd3 Nd7 24. g3 Nc7 25. Ne4 Rxf1+ 26. Rxf1 Nxd5 27.
Ncxd6 Rxf1+ 28. Qxf1 Qf8 29. Qxf8+ Nxf8 30. a5 Nd7 31. axb6 N5xb6 32. Kg2 Kg8
33. Kf3 Nd5 34. c4 Ne5+ 35. Ke2 Nb6 36. b3 Nbd7 37. Nb7 Nb6 38. Nexc5 Nbxc4 39.
bxc4 Nxc4 40. Nxa6 Ne5 41. Nd6 Kg7 42. Nc5 Ng4 43. h3 Ne5 44. Ke3 Kf6 45. Nd3
Nc6 46. Kf4 Ne7 47. Ne4+ Kg6 48. Ke5 Nc6+ 49. Kd5 Ne7+ 50. Ke6 Ng8 51. Nf4+ Kg7
52. Nh5+ Kg6 53. Nhf6 Nh6 54. g4 Nf7 55. Nxh7 1-0

[Event "FRA-chT"]
[Site "FRA"]
[Date "1998.02.07"]
[Round "2"]
[White "Miralles, Gilles"]
[Black "Roos, Jean Luc"]
[Result "1-0"]
[WhiteElo "2520"]
[BlackElo "2315"]
[PlyCount "107"]
[EventDate "1998.02.06"]
[Source "ChesBase"]
[SourceDate "1998.07.07"]

1. d4 e6 2. c4 f5 3. Nc3 Nf6 4. Bg5 Bb4 5. Qb3 a5 6. e3 O-O 7. Bd3 c5 8. Nge2
a4 9. Qc2 a3 10. O-O Nc6 11. Nb5 axb2 12. Qxb2 b6 13. a3 Ba5 14. e4 fxe4 15.
Bxe4 d5 16. Bf3 cxd4 17. cxd5 Ne5 18. Nexd4 Nxf3+ 19. Nxf3 exd5 20. Rac1 Ba6
21. Nfd4 Qd7 22. Rc7 Qg4 23. f4 Bxb5 24. Qxb5 Kh8 25. h3 Qh5 26. Ne6 Qe8 27.
Qxe8 Nxe8 28. Rd7 Rg8 29. Rxd5 h6 30. Be7 Bc3 31. Rf3 Nf6 32. Rb5 Rae8 33. Bxf6
Bxf6 34. f5 Rb8 35. Rfb3 h5 36. Rxb6 Rxb6 37. Rxb6 Ra8 38. g4 hxg4 39. hxg4
Rxa3 40. Rb8+ Kh7 41. g5 Rg3+ 42. Kf2 Rxg5 43. Nxg5+ Bxg5 44. Rb6 Bf6 45. Kf3
Bd4 46. Rc6 Bb2 47. Ke4 Kg8 48. Rc7 Kh7 49. Kd5 Kh6 50. Rc2 Ba1 51. Rg2 Bc3 52.
Ke6 Bd4 53. Kf7 Be5 54. Kg8 1-0

[Event "FRA-chT"]
[Site "FRA"]
[Date "1998.02.07"]
[Round "2"]
[White "Mulder, Bart Piet"]
[Black "Gouret, Thierry"]
[Result "1-0"]
[WhiteElo "2210"]
[BlackElo "2275"]
[PlyCount "77"]
[EventDate "1998.02.06"]
[Source "ChesBase"]
[SourceDate "1998.07.07"]

1. Nf3 d6 2. d4 g6 3. e4 Bg7 4. Nc3 Nf6 5. Be2 O-O 6. O-O c6 7. a4 Nbd7 8. h3
e5 9. Be3 Qe7 10. Qd2 exd4 11. Bxd4 Nxe4 12. Nxe4 Qxe4 13. Bd3 Qe7 14. Rfe1 Qd8
15. Bxg7 Kxg7 16. a5 Nc5 17. b4 Nxd3 18. Qxd3 Qf6 19. Rad1 Rd8 20. Qd4 Qxd4 21.
Nxd4 Kf8 22. a6 Rb8 23. Re3 Bd7 24. Nb3 Be8 25. axb7 Rxb7 26. c3 Rb5 27. Nd4
Rbb8 28. Ra1 c5 29. bxc5 dxc5 30. Nf3 Rb7 31. Ng5 h6 32. Ne4 c4 33. Nc5 Rb5 34.
Na6 Rb2 35. Nb4 Rdd2 36. Rf3 Rb3 37. Rxa7 Rd1+ 38. Kh2 Rc1 39. Nd5 1-0

[Event "FRA-chT"]
[Site "FRA"]
[Date "1998.02.07"]
[Round "2"]
[White "Muller, Anne"]
[Black "Mora, Virginie"]
[Result "0-1"]
[WhiteElo "2115"]
[BlackElo "2130"]
[PlyCount "78"]
[EventDate "1998.02.06"]
[Source "ChesBase"]
[SourceDate "1998.07.07"]

1. e4 c5 2. Nf3 d6 3. d4 cxd4 4. Nxd4 Nf6 5. Nc3 e6 6. Be2 Be7 7. O-O O-O 8. f4
a6 9. a4 Qc7 10. Kh1 b6 11. Bf3 Bb7 12. e5 dxe5 13. Bxb7 Qxb7 14. fxe5 Nfd7 15.
Bf4 Nc6 16. Qf3 Rac8 17. Rad1 Nc5 18. Qh5 g6 19. Qh6 Nxd4 20. Rxd4 Rfd8 21. Be3
Bf8 22. Qf4 Bg7 23. Rxd8+ Rxd8 24. b4 Nd7 25. Qxf7+ Kh8 26. Qe7 Qc8 27. Rf7 Rg8
28. Bd4 Nb8 29. Qc7 Nc6 30. Bxb6 Qxc7 31. Bxc7 Nxb4 32. Ne4 Nxc2 33. Kg1 Rf8
34. Rxf8+ Bxf8 35. Kf2 Kg8 36. Bb6 Nb4 37. Nc5 Bxc5+ 38. Bxc5 Nd3+ 39. Ke3 Nxc5
0-1

[Event "FRA-chT"]
[Site "FRA"]
[Date "1998.02.07"]
[Round "2"]
[White "Ochoa de Echaguen, F Javier"]
[Black "Blachier, Pierre"]
[Result "1/2-1/2"]
[WhiteElo "2440"]
[BlackElo "2145"]
[PlyCount "52"]
[EventDate "1998.02.06"]
[Source "ChesBase"]
[SourceDate "1998.07.07"]

1. e4 Nf6 2. Nc3 d5 3. e5 Nfd7 4. f4 c5 5. Nf3 Nc6 6. g3 e6 7. Bg2 Be7 8. O-O
O-O 9. Ne2 b5 10. d4 b4 11. Be3 a5 12. dxc5 Ba6 13. Re1 Nxc5 14. Ned4 Nxd4 15.
Bxd4 a4 16. a3 bxa3 17. Rxa3 Qd7 18. Ra1 Bb5 19. Nd2 Rfc8 20. Re3 Na6 21. Nf3
Nb4 22. c3 Nc6 23. Bf1 Nb8 24. Bd3 Qb7 25. Re2 Nd7 26. f5 Nc5 1/2-1/2

[Event "FRA-chT"]
[Site "FRA"]
[Date "1998.02.07"]
[Round "2"]
[White "Parr, Erik"]
[Black "Rainfray, Arnaud"]
[Result "1/2-1/2"]
[WhiteElo "2285"]
[BlackElo "2270"]
[PlyCount "89"]
[EventDate "1998.02.06"]
[Source "ChesBase"]
[SourceDate "1998.07.07"]

1. e4 e5 2. Nf3 Nc6 3. Bb5 a6 4. Ba4 Nf6 5. O-O Nxe4 6. d4 b5 7. Bb3 d5 8. dxe5
Be6 9. Nbd2 Nc5 10. c3 Bg4 11. h3 Bh5 12. Re1 Be7 13. Nf1 Nxb3 14. axb3 O-O 15.
Ne3 Bxf3 16. Qxf3 Nxe5 17. Qxd5 Nd3 18. Rd1 Nxc1 19. Qf3 Nd3 20. Nf5 Bc5 21.
Rxd3 Qf6 22. Rad1 Rae8 23. Kf1 Bb6 24. Qg4 g6 25. Rf3 Qe6 26. Nh6+ Kg7 27. Nf5+
Kh8 28. Nd4 Qxg4 29. hxg4 Re4 30. g5 Bxd4 31. cxd4 Kg7 32. Rf6 Rfe8 33. Rxa6
Re2 34. Rc6 Rxb2 35. Re1 Rd8 36. Rxc7 Rxd4 37. Rc3 Rd5 38. Rg3 b4 39. Kg1 Rf5
40. Re4 Rbxf2 41. Rxb4 Rd2 42. Rh4 Rdd5 43. Rgh3 Rxg5 44. Rxh7+ Kf8 45. Rf3
1/2-1/2

[Event "FRA-chT"]
[Site "FRA"]
[Date "1998.02.07"]
[Round "2"]
[White "Pecot, Laurent"]
[Black "Neiman, Emmanuel"]
[Result "0-1"]
[WhiteElo "2210"]
[BlackElo "2305"]
[PlyCount "78"]
[EventDate "1998.02.06"]
[Source "ChesBase"]
[SourceDate "1998.07.07"]

1. d4 Nf6 2. Nf3 e6 3. e3 b6 4. Bd3 Bb7 5. Nbd2 c5 6. O-O Be7 7. b3 O-O 8. Bb2
d6 9. c4 Nbd7 10. Qe2 Re8 11. e4 cxd4 12. Nxd4 Ne5 13. Bc2 Ng6 14. b4 Qb8 15.
Ba4 Rc8 16. Rac1 a6 17. f4 b5 18. cxb5 Rxc1 19. Rxc1 axb5 20. Qxb5 Nxf4 21. Bb3
Nxe4 22. Nxe4 Bxe4 23. Qxb8+ Rxb8 24. Nc6 Ne2+ 25. Kf2 Nxc1 26. Nxb8 Nd3+ 27.
Ke3 d5 28. Bc3 Nxb4 29. g3 Bg5+ 30. Ke2 Nd3 31. Bd2 Nc1+ 32. Kd1 Bxd2 33. Kxd2
Nxb3+ 34. axb3 d4 35. Nd7 f6 36. Nc5 Bd5 37. h4 Kf7 38. h5 Ke7 39. h6 Kd6 0-1

[Event "FRA-chT"]
[Site "FRA"]
[Date "1998.02.07"]
[Round "2"]
[White "Poulton, James"]
[Black "Degraeve, Jean Marc"]
[Result "0-1"]
[WhiteElo "2365"]
[BlackElo "2525"]
[PlyCount "122"]
[EventDate "1998.02.06"]
[Source "ChesBase"]
[SourceDate "1998.07.07"]

1. d4 Nf6 2. Nf3 g6 3. Nc3 d5 4. Bf4 Bg7 5. e3 O-O 6. Be2 b6 7. Ne5 Bb7 8. h4
h6 9. Bd3 c5 10. Qf3 Nc6 11. h5 cxd4 12. Nxc6 Bxc6 13. exd4 Nxh5 14. Bxh6 Bxh6
15. g4 e6 16. gxh5 g5 17. Ne2 f5 18. Qg3 g4 19. f3 Kh8 20. Nf4 Qg5 21. Ng6+ Kg8
22. f4 Qf6 23. Nxf8 Rxf8 24. c3 b5 25. Qe3 Kf7 26. O-O-O Rg8 27. Rdg1 Qe7 28.
Rh2 Qc7 29. Rf2 Bd7 30. Kb1 a5 31. Rff1 Rh8 32. Rg2 Bf8 33. Rh2 Rh6 34. Qg3 Bd6
35. Ka1 Qb6 36. Qh4 Be7 37. Qe1 b4 38. Re2 Bf6 39. Rh1 a4 40. Re5 a3 41. bxa3
Bxe5 42. fxe5 bxa3 43. Qc1 Qb2+ 44. Qxb2 axb2+ 45. Kxb2 Rh8 46. Kc1 Kg7 47. Kd2
Kh6 48. Bc2 f4 49. a4 Ra8 50. Rf1 Rf8 51. Bd1 g3 52. a5 Bb5 53. Be2 g2 54. Rg1
Bxe2 55. Kxe2 f3+ 56. Kf2 Kxh5 57. Rb1 Kg4 58. Rb7 Kf4 59. a6 Rg8 60. Rf7+ Ke4
61. Kg1 Rh8 0-1

[Event "FRA-chT"]
[Site "FRA"]
[Date "1998.02.07"]
[Round "2"]
[White "Roser, Kevin"]
[Black "Buchy, Daniel"]
[Result "1/2-1/2"]
[WhiteElo "2255"]
[BlackElo "2215"]
[PlyCount "143"]
[EventDate "1998.02.06"]
[Source "ChesBase"]
[SourceDate "1998.07.07"]

1. e4 c5 2. Nf3 Nc6 3. d4 cxd4 4. Nxd4 g6 5. Be2 Bg7 6. Nb3 Nf6 7. Nc3 d6 8.
O-O a6 9. Re1 O-O 10. Bf1 b5 11. Bg5 h6 12. Bh4 Bb7 13. a4 b4 14. Nd5 g5 15.
Bg3 Nxd5 16. exd5 Ne5 17. h4 gxh4 18. Bh2 Rc8 19. Nd4 Qd7 20. Bd3 e6 21. Be4
Bxd5 22. Bxd5 exd5 23. Qh5 Qg4 24. Rxe5 Qxd4 25. Rxd5 Qxb2 26. Rad1 Rxc2 27.
Qxh4 b3 28. Bxd6 Re8 29. Bf4 Rc4 30. Qg3 Qf6 31. Be3 Rxa4 32. Rd6 Qe5 33. Qf3
b2 34. Bxh6 b1=Q 35. Bxg7 Qxd1+ 36. Qxd1 Ra1 37. Bxe5 Rxd1+ 38. Rxd1 Rxe5 39.
f3 Re2 40. Ra1 Re6 41. Kf2 Kg7 42. Ra5 Rb6 43. Kg3 Kf6 44. Kg4 Rb4+ 45. f4 Rb6
46. g3 Rc6 47. Ra4 Rb6 48. Ra5 Kg6 49. Rc5 Kf6 50. Ra5 Kg6 51. Kh4 Rf6 52. Kh3
Rb6 53. g4 Rc6 54. Kh4 f6 55. Ra4 Rb6 56. Ra3 Rc6 57. Ra5 Rb6 58. Rc5 Rd6 59.
Rc8 Rb6 60. Ra8 Rc6 61. f5+ Kh6 62. Rg8 Kh7 63. Ra8 Kh6 64. Ra7 Rb6 65. Ra8 Rc6
66. Rh8+ Kg7 67. Ra8 Kh6 68. Ra7 Rb6 69. Ra8 Rc6 70. Ra7 Rb6 71. Ra8 Rc6 72.
Ra7 1/2-1/2

[Event "FRA-chT"]
[Site "FRA"]
[Date "1998.02.07"]
[Round "2"]
[White "Salus, Stephane"]
[Black "Guidarelli, Laurent"]
[Result "1-0"]
[WhiteElo "2200"]
[BlackElo "2225"]
[PlyCount "65"]
[EventDate "1998.02.06"]
[Source "ChesBase"]
[SourceDate "1998.07.07"]

1. Nf3 Nf6 2. g3 g6 3. b4 Bg7 4. Bb2 d6 5. c4 e5 6. d3 O-O 7. Bg2 Nc6 8. b5 Ne7
9. O-O Nh5 10. Qb3 Kh8 11. Nbd2 f5 12. c5 Rf6 13. Rac1 Be6 14. Qa3 h6 15. e4 g5
16. cxd6 cxd6 17. d4 Ng6 18. dxe5 dxe5 19. exf5 Bxf5 20. Nc4 Re6 21. Rfd1 Qg8
22. Ne3 Be4 23. Nxg5 Bxg2 24. Nxe6 Bf3 25. Nxg7 Qxg7 26. Qd6 Nhf4 27. Rc7 Nh3+
28. Kf1 Qf8 29. Bxe5+ Nxe5 30. Qxe5+ Kg8 31. Qe6+ Kh8 32. Qxh3 Bxd1 33. Qd7 1-0

[Event "FRA-chT"]
[Site "FRA"]
[Date "1998.02.07"]
[Round "2"]
[White "Sarthou, Gaetan"]
[Black "Borne, Niels"]
[Result "1-0"]
[WhiteElo "2305"]
[BlackElo "2305"]
[PlyCount "65"]
[EventDate "1998.02.06"]
[Source "ChesBase"]
[SourceDate "1998.07.07"]

1. e4 c5 2. Nf3 e6 3. d4 cxd4 4. Nxd4 Nc6 5. Nxc6 bxc6 6. Bd3 Nf6 7. Qe2 d6 8.
O-O Be7 9. b3 e5 10. Nd2 O-O 11. Nc4 Re8 12. Bb2 Bf8 13. Rad1 Qc7 14. Rd2 Be6
15. f4 Nd7 16. Qh5 f6 17. Ne3 Nc5 18. Nf5 Qf7 19. Qh4 Bxf5 20. exf5 e4 21. Be2
Qc7 22. Bh5 Re7 23. Bg6 h6 24. g4 e3 25. Re2 Rb8 26. g5 fxg5 27. fxg5 Re4 28.
Qh5 Rbb4 29. f6 Rh4 30. f7+ Kh8 31. gxh6 Rbg4+ 32. Kh1 Rxg6 33. hxg7# 1-0

[Event "FRA-chT"]
[Site "FRA"]
[Date "1998.02.07"]
[Round "2"]
[White "Siegel, Georg"]
[Black "Marcelin, Cyril"]
[Result "1-0"]
[WhiteElo "2540"]
[BlackElo "2375"]
[PlyCount "115"]
[EventDate "1998.02.06"]
[Source "ChesBase"]
[SourceDate "1998.07.07"]

1. d4 f5 2. g3 Nf6 3. Bg2 g6 4. Nf3 Bg7 5. b3 O-O 6. Bb2 d6 7. c4 Qe8 8. Nc3 h6
9. O-O Na6 10. d5 Bd7 11. Nd4 c6 12. Qd2 Nc7 13. e4 fxe4 14. Nxe4 Nxe4 15. Bxe4
cxd5 16. cxd5 Qf7 17. Ne6 Nxe6 18. dxe6 Bxe6 19. Bxg7 Kxg7 20. Bxb7 Rab8 21.
Bg2 Rbc8 22. Qd4+ Qf6 23. Qxa7 Rc2 24. Rae1 Rf7 25. Qe3 Bd7 26. Re2 Rc3 27. Qb6
h5 28. h4 Bg4 29. Rd2 Rc5 30. Qb4 g5 31. hxg5 Qxg5 32. Qd4+ Rf6 33. Re1 e5 34.
Qe3 Qxe3 35. Rxe3 Kf7 36. Bd5+ Ke7 37. a4 Rc1+ 38. Kg2 Bd7 39. f4 Kd8 40. fxe5
dxe5 41. Bf3 Kc7 42. Rxe5 Bh3+ 43. Kxh3 Rxf3 44. Rxh5 Rxb3 45. Rb5 Ra3 46. a5
Rcc3 47. Rg5 Re3 48. Rdd5 Kc6 49. Rdf5 Re6 50. Kg4 Kd6 51. Rd5+ Kc6 52. Rc5+
Kb7 53. Kf5 Rd6 54. g4 Rf3+ 55. Ke4 Ra3 56. Rg7+ Ka6 57. g5 Rad3 58. Rg6 1-0

[Event "FRA-chT"]
[Site "FRA"]
[Date "1998.02.07"]
[Round "2"]
[White "Simon, Gerard"]
[Black "Maze, Sebastien"]
[Result "0-1"]
[WhiteElo "2165"]
[BlackElo "2175"]
[PlyCount "86"]
[EventDate "1998.02.06"]
[Source "ChesBase"]
[SourceDate "1998.07.07"]

1. d4 Nf6 2. c4 e6 3. Nc3 Bb4 4. Bg5 c5 5. d5 exd5 6. cxd5 h6 7. Bh4 d6 8. e3
Nbd7 9. Nge2 b5 10. a3 Ba5 11. Nc1 Bxc3+ 12. bxc3 Qa5 13. Na2 Bb7 14. Bd3 O-O
15. O-O Rfe8 16. Qb1 a6 17. e4 Qxa3 18. f4 c4 19. Bc2 Qc5+ 20. Bf2 Qc7 21. Bd4
Re7 22. Re1 Rae8 23. Nb4 Nxd5 24. Nxd5 Bxd5 25. Rxa6 Nc5 26. Ra1 Qc6 27. exd5
Rxe1+ 28. Qxe1 Rxe1+ 29. Rxe1 Qd7 30. h3 f5 31. Re3 Nb3 32. Bb6 Nc5 33. Kh2 Kf7
34. Bd1 Ne4 35. g4 Nf6 36. Bd4 Nxd5 37. Rg3 Nf6 38. g5 hxg5 39. Rxg5 g6 40. Bf3
Ne4 41. Rg2 Qc8 42. Ra2 b4 43. cxb4 c3 0-1

[Event "FRA-chT"]
[Site "FRA"]
[Date "1998.02.07"]
[Round "2"]
[White "Spiridonov, Nikola"]
[Black "Dieu, Bruno"]
[Result "1-0"]
[WhiteElo "2395"]
[BlackElo "2275"]
[PlyCount "123"]
[EventDate "1998.02.06"]
[Source "ChesBase"]
[SourceDate "1998.07.07"]

1. g3 Nf6 2. Bg2 g6 3. b4 a5 4. b5 Bg7 5. Bb2 d6 6. c4 Nbd7 7. Nf3 O-O 8. O-O
e5 9. Nc3 Re8 10. d3 Nc5 11. Nd2 h5 12. Nb3 Nfd7 13. Nxc5 Nxc5 14. Na4 Ne6 15.
Qd2 Kh7 16. Rac1 h4 17. f4 exf4 18. gxf4 Nd4 19. e3 Nf5 20. Bxg7 Kxg7 21. Rce1
Nh6 22. Nc3 h3 23. Bf3 f6 24. Ne2 Qe7 25. Ng3 f5 26. a4 Qf6 27. Ne2 Ng8 28. Nd4
Ne7 29. Kh1 Rh8 30. Rg1 Rh6 31. Rg5 c6 32. bxc6 bxc6 33. Nxc6 Bb7 34. Nd4 Bxf3+
35. Nxf3 Nc6 36. Rb1 Nb4 37. Nd4 Kf7 38. Rb3 Rhh8 39. Rg3 Rab8 40. Qf2 Qe7 41.
Qf3 Qd7 42. Nb5 d5 43. c5 Kg7 44. d4 Nc6 45. Rxh3 Rxh3 46. Qxh3 Qe7 47. Kg1 Rh8
48. Qg3 Nb4 49. Nd6 Kf8 50. Rb2 Rh4 51. Rg2 Rg4 52. Qh3 Kg7 53. Rxg4 fxg4 54.
Qg3 Nd3 55. f5 g5 56. c6 Nf4 57. f6+ Kxf6 58. exf4 Qe2 59. fxg5+ Kg6 60. Qf2
Qd1+ 61. Kg2 Kxg5 62. Nf7+ 1-0

[Event "FRA-chT"]
[Site "FRA"]
[Date "1998.02.07"]
[Round "2"]
[White "Stromer, Alexander"]
[Black "Fontaine, Robert"]
[Result "0-1"]
[WhiteElo "2300"]
[BlackElo "2365"]
[PlyCount "64"]
[EventDate "1998.02.06"]
[Source "ChesBase"]
[SourceDate "1998.07.07"]

1. e4 c5 2. Nf3 d6 3. d4 cxd4 4. Nxd4 Nf6 5. f3 e5 6. Nb3 d5 7. Bg5 Be6 8. exd5
Qxd5 9. Nc3 Bb4 10. Bxf6 Qxd1+ 11. Rxd1 gxf6 12. Kf2 Bxc3 13. bxc3 Nd7 14. Bb5
Rc8 15. Rd3 Ke7 16. Bxd7 Bxd7 17. f4 Rc4 18. g3 Rhc8 19. Re1 Rxc3 20. Nd4 Rxd3
21. cxd3 Kd6 22. Nb3 Rc2+ 23. Re2 Rxe2+ 24. Kxe2 Be6 25. Nc1 b5 26. a3 a5 27.
Kd2 Kc5 28. Ne2 b4 29. axb4+ axb4 30. Nc1 Bd5 31. Ne2 e4 32. f5 exd3 0-1

[Event "FRA-chT"]
[Site "FRA"]
[Date "1998.02.07"]
[Round "2"]
[White "Tagnon, Nicole"]
[Black "Laclau, Daniel"]
[Result "1-0"]
[WhiteElo "2080"]
[BlackElo "2290"]
[PlyCount "79"]
[EventDate "1998.02.06"]
[Source "ChesBase"]
[SourceDate "1998.07.07"]

1. e4 c5 2. Nf3 e6 3. d4 cxd4 4. Nxd4 a6 5. Bd3 Qc7 6. O-O Nf6 7. Qe2 d6 8. c4
Be7 9. Nc3 O-O 10. Kh1 Re8 11. f4 Nbd7 12. Bd2 Bf8 13. Rae1 e5 14. Nd5 Nxd5 15.
exd5 g6 16. Qf2 Bg7 17. f5 Nc5 18. fxg6 hxg6 19. Bb1 Rf8 20. Nf3 b5 21. b4 Na4
22. c5 dxc5 23. bxc5 Bg4 24. Be3 Nc3 25. d6 Qc6 26. Bc2 Bxf3 27. Qxf3 Qxf3 28.
Rxf3 Rac8 29. Ref1 Nd5 30. Bg1 a5 31. Bb3 Nf4 32. g3 a4 33. gxf4 axb3 34. Rxb3
Ra8 35. c6 exf4 36. Rxb5 Rxa2 37. c7 Rc2 38. Rc5 Rxc5 39. Bxc5 Be5 40. Rb1 1-0

[Event "FRA-chT"]
[Site "FRA"]
[Date "1998.02.07"]
[Round "2"]
[White "Tissir, Mohamed"]
[Black "Prie, Eric"]
[Result "1/2-1/2"]
[WhiteElo "2300"]
[BlackElo "2470"]
[PlyCount "82"]
[EventDate "1998.02.06"]
[Source "ChesBase"]
[SourceDate "1998.07.07"]

1. e4 c5 2. Nf3 Nc6 3. d4 cxd4 4. Nxd4 g6 5. Nc3 Bg7 6. Be3 Nf6 7. Bc4 O-O 8.
O-O Nxe4 9. Nxe4 d5 10. Nxc6 bxc6 11. Bd3 dxe4 12. Bxe4 Qc7 13. c3 Rb8 14. Qe2
Be6 15. Rfd1 Rfc8 16. Bd4 Bxd4 17. Rxd4 c5 18. Rd2 Qe5 19. c4 Rd8 20. Rad1 Rxd2
21. Rxd2 Rb4 22. b3 a5 23. Bc6 Qxe2 24. Rxe2 Rb6 25. Bb5 Rd6 26. f3 f6 27. Kf2
Kf7 28. Ke1 Bf5 29. Rd2 Ke6 30. Re2+ Kf7 31. Rd2 Rxd2 32. Kxd2 Ke6 33. Kc3 Kd6
34. a3 Bc8 35. b4 axb4+ 36. axb4 Bb7 37. Be8 g5 38. h3 f5 39. b5 e5 40. Kd2 Ke7
41. Bh5 Bc8 1/2-1/2

[Event "FRA-chT"]
[Site "FRA"]
[Date "1998.02.07"]
[Round "2"]
[White "Vaisman, Volodia"]
[Black "Forintos, Gyozo V"]
[Result "1/2-1/2"]
[WhiteElo "2385"]
[BlackElo "2395"]
[PlyCount "135"]
[EventDate "1998.02.06"]
[Source "ChesBase"]
[SourceDate "1998.07.07"]

1. d4 Nf6 2. Nf3 e6 3. Bg5 c5 4. e3 h6 5. Bh4 Nc6 6. c3 cxd4 7. exd4 Be7 8.
Nbd2 d6 9. Bxf6 Bxf6 10. Bd3 O-O 11. O-O a6 12. a4 Rb8 13. Qe2 Be7 14. Rfe1 Kh8
15. b4 d5 16. b5 Na5 17. Ne5 Bg5 18. Ndf3 Be7 19. Bc2 Kg8 20. Qd3 f5 21. Ng6
Rf6 22. Nxe7+ Qxe7 23. Ne5 Qc7 24. Qg3 Rf8 25. Bd3 Ra8 26. Rac1 Bd7 27. Rc2 Be8
28. Rb1 axb5 29. axb5 b6 30. Ra1 Rc8 31. Ra3 Qd6 32. Rca2 Rc7 33. h4 Bh5 34. f4
Rfc8 35. Qe1 Qe7 36. Kh2 Be8 37. Be2 Nb7 38. Nc6 Bxc6 39. bxc6 Nd6 40. Ba6 Rb8
41. c4 dxc4 42. Re3 Ne4 43. Bxc4 Rxc6 44. Bd3 Qf6 45. Bxe4 fxe4 46. Rxe4 Rd8
47. Rd2 Rcd6 48. g3 Rxd4 49. Rdxd4 Rxd4 50. Rxe6 Rd2+ 51. Qxd2 Qxe6 52. h5 Qc6
53. g4 Kf7 54. g5 Ke6 55. Qd3 Qd6 56. Qg6+ Kd5 57. Qf5+ Kd4 58. gxh6 Qxh6 59.
Qe5+ Kc4 60. Qe4+ Kc5 61. Qe5+ Kc6 62. Qe4+ Kb5 63. Qd5+ Ka4 64. Qe4+ Ka5 65.
Qa8+ Kb4 66. Qe4+ Ka5 67. Qa8+ Kb4 68. Qe4+ 1/2-1/2

[Event "FRA-chT"]
[Site "FRA"]
[Date "1998.02.08"]
[Round "3"]
[White "Belkhodja, Slim"]
[Black "Forintos, Gyozo V"]
[Result "1-0"]
[WhiteElo "2405"]
[BlackElo "2395"]
[PlyCount "67"]
[EventDate "1998.02.06"]
[Source "ChesBase"]
[SourceDate "1998.07.07"]

1. e4 c5 2. Nf3 e6 3. d3 Nc6 4. g3 Nf6 5. Bg2 d5 6. Qe2 Be7 7. O-O O-O 8. e5
Ne8 9. Re1 f5 10. exf6 Bxf6 11. c4 Nd6 12. Na3 Nf5 13. Nc2 Kh8 14. Rb1 Bd7 15.
Bf4 g5 16. Be5 Bxe5 17. Nxe5 Ncd4 18. Nxd4 Nxd4 19. Qd2 Be8 20. b4 b6 21. bxc5
bxc5 22. Rb7 Rf5 23. cxd5 exd5 24. g4 Rf4 25. h4 Qf6 26. Rf7 Bxf7 27. hxg5 Rxf2
28. gxf6 Rxd2 29. Nxf7+ Kg8 30. Bxd5 Rb8 31. Ne5+ Kh8 32. Nd7 Rg8 33. Kf1 Nf3
34. Re3 1-0